Commercial bank financial management in the financial-services industry

Guardat en:
Dades bibliogràfiques
Autor principal: Sinkey, Joseph F.
Format: Llibre
Idioma:Undetermined
Publicat: Upper Saddle River, NJ. Prentice Hall 2002
Matèries:
Etiquetes: Afegir etiqueta
Sense etiquetes, Sigues el primer a etiquetar aquest registre!
Thư viện lưu trữ: Trung tâm Học liệu Trường Đại học Cần Thơ
LEADER 00555nam a2200193Ia 4500
001 CTU_128157
008 210402s9999 xx 000 0 und d
020 |c 515000 
082 |a 332.120681 
082 |b S617 
100 |a Sinkey, Joseph F. 
245 0 |a Commercial bank financial management in the financial-services industry 
245 0 |c Joeph F. Sinkey 
260 |a Upper Saddle River, NJ. 
260 |b Prentice Hall 
260 |c 2002 
650 |a Bank management. 
904 |i Minh 
980 |a Trung tâm Học liệu Trường Đại học Cần Thơ